zpět

Detail výsledku týmu

Pivárna, Sloup

Datum a čas kvízu

29 Celkem bodů Celkový počet nahraných bodů na tomto kvízu bez doplňovacích otázek.
3. Pořadí na kvízu Konečné umístění týmu na tomto kvízu.

Zaznamenané odpovědi

# Otázka Odpověď Body Výsledky
1. Který český politik během svéh... Petr Pavel 1
2. Ve čtvrtek krátce po půlnoci s... Artemis II 1
3. Která česká zpěvačka a herečka... Marta Jandová 1
4. Jistá firma v pondělí oznámila... Kit Kat 0
5. Který slavný sportovec minulý... Tiger Woods 1
6. Vítězné téma facebookového hla... 1B 2D 3C 4A 0
7. Ve Formuli 1 můžeme občas zazn... A 1
8. Velká cena Monaka 1996 drží je... 3 piloti (uznáváme 2 až 4) 0
9. Tato stáj působila ve Formuli... Brawn GP 0
10. Ve kterém státě se nachází záv... v Japonsku 0